| 000 | 00354nam a2200145Ia 4500 | ||
|---|---|---|---|
| 008 | 150201s2003 xx 000 0 und d | ||
| 082 |
_a611.313 _bD2003A |
||
| 100 | _aASH,NELSON | ||
| 245 | _aDENTAL ANATOMY PHYSIOLOGY & OCCLUSION | ||
| 250 | _a8TH | ||
| 260 |
_bELSEVIER _aDELHI _c2003 |
||
| 300 | _a1-524 | ||
| 650 | _aDENTAL ANATOMY | ||
| 942 |
_2ddc _cBK |
||
| 999 |
_c3252 _d3252 |
||